Statistics for Guess The Fruit - Picture Quiz

Click here to take the quiz!

General Stats

  • This quiz has been taken 890 times
  • The average score is 17 of 24

Answer Stats

Answer% Correct
Blueberry
95%
Mango
93%
Watermelon
92%
Pear
91%
Banana
87%
Cherry
87%
Lemon
86%
Pineapple
86%
Lime
83%
Peach
83%
Blackberry
81%
Dragonfruit
78%
Pomegranate
69%
Grapefruit
66%
Papaya
65%
Star Fruit
64%
Passion fruit
62%
Cranberry
51%
Jackfruit
50%
Lychee
50%
Kiwifruit
43%
Redcurrant
34%
Apricot
31%
Gooseberry
22%

Score Distribution

Percentile by Number Answered

Percent of People with Each Score

Your Score History

You have not taken this quiz